[Event "Dresden Vdes op"]
[Site "Dresden"]
[Date "2000.01.29"]
[Round "7"]
[White "Boudnik, Gregor"]
[Black "Neugebauer, Josef"]
[Result "1-0"]
[WhiteElo "1639"]
[BlackElo "1754"]
[PlyCount "75"]
[EventDate "2000.01.26"]
[EventType "swiss"]
[EventRounds "7"]
[EventCountry "GER"]
[SourceTitle "EXT 2001"]
[Source "ChessBase"]
[SourceDate "2000.11.22"]
[SourceVersion "1"]
[SourceVersionDate "2000.11.22"]
[SourceQuality "1"]

1. e4 c5 2. Nc3 Nc6 3. g3 Nf6 4. Bg2 e6 5. d3 h6 6. Nf3 Be7 7. 0-0 0-0 8. Re1 a6 9. a4 d6 10. e5 dxe5 11. Nxe5 Nxe5 12. Rxe5 Rb8 13. Ne4 Nd7 14. Rh5 f5 15. Bxh6 Rf7 16. Ng5 Bxg5 17. Bxg5 Nf6 18. Rh4 e5 19. c4 Be6 20. Qe2 Qc7 21. Re1 b5 22. axb5 axb5 23. cxb5 Rxb5 24. d4 cxd4 25. Qxb5 Nd7 26. Qe2 g6 27. Rc1 Qa5 28. Bd2 Qb6 29. b4 e4 30. Rc8+ Nf8 31. Ra8 d3 32. Bc3 Rh7 33. Rxh7 dxe2 34. Rg7+ Kh8 35. Rb7+ Qd4 36. Bxd4+ Kg8 37. Rxf8+ Kxf8 38. Rb8+ 1-0